000 00643nam a2200217 i 4500
001 182753
003 ES-MaACL
005 20230906221712.0
008 131022s1984 sp | |||||||| | spa d
020 _a84-7498-187-5
080 _a633.85
100 1 _aGarcía Berenguer, A.
_9153729
245 1 3 _aLa jojoba /
_cA. García Berenguer.
260 _aMadrid :
_bInstituto Nacional de Investigaciones Agrarias,
_c1984.
300 _a12 p. :
_bil. ;
_c24 cm.
490 1 _aHoja Técnica INIA ;
_v57
650 4 _aJojoba.
_9153730
830 0 _aHoja Técnica INIA ;
_v57
_9191849
852 _aES-MaACL
_j2327-F-25
999 _c182753
_d182753